Scott's Standard Postage Stamp Catalogue 1898 (Record no. 268)

000 -LEADER
fixed length control field 00700nam a22001937a 4500
003 - CONTROL NUMBER IDENTIFIER
control field OSt
008 - FIXED-LENGTH DATA ELEMENTS--GENERAL INFORMATION
fixed length control field 140115b xxu||||| |||| 00| 0 eng d
041 ## - LANGUAGE CODE
Language code of text/sound track or separate title eng
100 1# - MAIN ENTRY--PERSONAL NAME
Personal name Scott Stamp and Coin Co., Ltd
245 10 - TITLE STATEMENT
Title Scott's Standard Postage Stamp Catalogue 1898
246 10 - VARYING FORM OF TITLE
Title proper/short title giving a full description, supplemented with sketches of the designs of every postage stamp ever issued by any government in the world, together with the present value, both used and unused, of every stamp
260 ## - PUBLICATION, DISTRIBUTION, ETC. (IMPRINT)
Place of publication, distribution, etc. New York
Name of publisher, distributor, etc. Scott Stamp and Coin Co., Ltd
300 ## - PHYSICAL DESCRIPTION
Extent 595 pages
650 #0 - SUBJECT ADDED ENTRY--TOPICAL TERM
Topical term or geographic name as entry element Catalogs and Price Lists
650 #0 - SUBJECT ADDED ENTRY--TOPICAL TERM
Topical term or geographic name as entry element World
650 #0 - SUBJECT ADDED ENTRY--TOPICAL TERM
Topical term or geographic name as entry element United States
650 #0 - SUBJECT ADDED ENTRY--TOPICAL TERM
Topical term or geographic name as entry element Dealer Publications
942 ## - ADDED ENTRY ELEMENTS (KOHA)
Edition
Holdings
Withdrawn status Lost status Source of classification or shelving scheme Materials specified (bound volume or other part) Damaged status Not for loan Collection code Permanent Location Current Location Shelving location Date acquired Total Checkouts Total Renewals Full call number Barcode Date last seen Date last checked out Price effective from Koha item type
      Hard Cover     Richard Drews Northern Philatelic Library Northern Philatelic Library Scott Catalogs 01/15/2014 2 1 Catalog 1000405 03/03/2018 04/08/2017 06/27/2015 Books

Powered by Koha